| 000 | 00755nam a2200217 a 4500 | ||
|---|---|---|---|
| 005 | 20210223130520.0 | ||
| 008 | 080617s1987 mx r 000 0 spa d | ||
| 035 | _aUPN01000156998 | ||
| 049 | _aUNE | ||
| 080 | _a376.2/.3 (-77) =20 KRI No.22. | ||
| 245 | 0 | 0 |
_aEducational assesment and early intervention for handicapped children in developing countries / _cKirsten Kristensen ... [et al.]. |
| 260 |
_aParís : _bUNESCO ; _aNew York : _bUNICEF, _c1987. |
||
| 300 | _a68 p. | ||
| 440 | 0 |
_aChild, family, community ; _v22 |
|
| 690 | _aEducación especial - Países en desarrollo | ||
| 690 | _aPaíses en desarrollo - Educación especial | ||
| 700 | 1 |
_aKristensen, Kirsten, _ecoaut. |
|
| 710 | 2 | _aUNESCO | |
| 710 | 2 |
_aUNICEF _924085 |
|
| 905 | _aUNESCO | ||
| 999 |
_c129112 _d129112 |
||